000 00847nam a2200265 a 4500
008 050606s2005||||xo o g 000 0aslo d
020 _a8055110948
_q(viaz.)
_c179
040 _aSNK
_bslo
_cSNK
041 0 _aslo
072 7 _a929
_xBiografie
_2konspekt
080 _a821.162.4-94
_22001
080 _a929 Jamnická, Vilma
_22001
080 _a929
_2MDT-MRF
080 _a792.071.2
_22001
100 1 _aJamnická, Vilma
_d1906-
245 1 0 _aElixír môjho života
_cVilma Jamnická; napísala Marika Studeničová; fotografie: Ladislav Lajcha, Peter Procházka
250 _a1. vyd.
260 _aBratislava
_bIkar
_c2005
300 _a174 s.
_bfotogr.
_c21 cm
600 1 7 _aJamnická, Vilma
_d1906-
_2SNKPH
700 1 _aStudeničová, Marika
_4aut
700 1 _aLajcha, Ladislav
_4pht
700 1 _aProcházka, Peter
_4pht
044 _axo
_cSK
999 _c10332
_d10332